Stolen innocence : my story of growing up in a polygamous sect, becoming a teenage bride, and breaking free of Warren Jeffs (Record no. 252997)

MARC details
000 -LEADER
fixed length control field 00347nam a2200097Ia 4500
082 ## - DEWEY DECIMAL CLASSIFICATION NUMBER
Classification number WALL
008 - FIXED-LENGTH DATA ELEMENTS--GENERAL INFORMATION
fixed length control field 210817s9999 xx 000 0 und d
100 ## - MAIN ENTRY--PERSONAL NAME
Personal name WALL, Elissa New York, 2009
9 (RLIN) 76206
245 #0 - TITLE STATEMENT
Title Stolen innocence : my story of growing up in a polygamous sect, becoming a teenage bride, and breaking free of Warren Jeffs
942 ## - ADDED ENTRY ELEMENTS
item type Books
Holdings
Withdrawn status Lost status Damaged status Not for loan Home library Current library Date acquired Cost, normal purchase price Total Checkouts Barcode Date last seen Price effective from item type
        eMalahleni Main PL (MMID-PLEM) eMalahleni Main PL (MMID-PLEM) 18.08.2021 55.89   33228022387383 18.08.2021 18.08.2021 Books